Regional report (Record no. 81620)
[ view plain ]
| 000 -LEADER | |
|---|---|
| fixed length control field | 00949cab a22002055a 4500 |
| 001 - CONTROL NUMBER | |
| control field | L147720 |
| 008 - FIXED-LENGTH DATA ELEMENTS--GENERAL INFORMATION | |
| fixed length control field | 090608e20090605xxko f 000 0 eng d |
| 035 ## - SYSTEM CONTROL NUMBER | |
| System control number | (Sirsi) u147720 |
| 041 0# - LANGUAGE CODE | |
| Language code of text/sound track or separate title | eng |
| 100 1# - MAIN ENTRY--PERSONAL NAME | |
| Personal name | Unger, Paul |
| 245 00 - TITLE STATEMENT | |
| Title | Regional report |
| Remainder of title | Lancashire and Cumbria |
| 260 ## - PUBLICATION, DISTRIBUTION, ETC. | |
| Date of publication, distribution, etc. | 2009 |
| 490 #0 - SERIES STATEMENT | |
| Series statement | Property Week |
| Volume/sequential designation | 75(23) 5 June 2009, 89-97(4) |
| 520 ## - SUMMARY, ETC. | |
| Summary, etc. | Provides an overview of commercial property activity across the two counties in the office, residential, leisure, industrial and regeneration sectors. Highlights the solid performance of the 46 000 acre Duchy of Lancaster estate. Reports on the launch later in 2009 of the Pennine Lancashire Development Company, a new agency backed by public money and designed to bring forward housing and employment sites in East Lancashire. |
| 590 ## - LOCAL NOTE (RLIN) | |
| Local note | KA |
| 651 #4 - SUBJECT ADDED ENTRY--GEOGRAPHIC NAME | |
| Geographic name | Lancashire |
| 651 #4 - SUBJECT ADDED ENTRY--GEOGRAPHIC NAME | |
| Geographic name | Cumbria |
| 690 ## - LOCAL SUBJECT ADDED ENTRY--TOPICAL TERM (OCLC, RLIN) | |
| Topical term or geographic name as entry element | PROPERTY-COMMERCIAL PROPERTY-COMMERCIAL PROPERTY MARKET |
| 942 ## - ADDED ENTRY ELEMENTS (KOHA) | |
| Suppress in OPAC | 0 |
| Withdrawn status | Lost status | Source of classification or shelving scheme | Damaged status | Not for loan | Home library | Current library | Shelving location | Date acquired | Total Checkouts | Full call number | Barcode | Date last seen | Copy number | Price effective from | Koha item type |
|---|---|---|---|---|---|---|---|---|---|---|---|---|---|---|---|
| Dewey Decimal Classification | London | London | Journal article | 08/06/2009 | L147720 | 147720-1001 | 06/08/2019 | 1 | 06/08/2019 | Journal article |